Top 10 Largest Countries in the world - Statistics

General Stats
  • This quiz has been taken 265 times
  • The average score is 9 of 10
Answer Stats
Hint Answer % Correct
1 Russia
98%
3 United States of America
98%
2 Canada
96%
4 China
95%
5 Brazil
91%
7 India
91%
6 Australia
85%
8 Argentina
73%
9 Kazakhstan
70%
10 Algeria
65%
No matching quizzes found
Score Distribution
Percent of People with Each Score
Percentile by Number Answered
Your Score History
You have not taken this quiz